|
|
|
|
| LEADER |
00000nam a2200000 4500 |
| 008 |
191218b2011 cr ||||| |||| 00| | spa d |
| 999 |
|
|
|c 3856
|d 3856
|
| 090 |
|
|
|a 14.02.03
|b 1838
|
| 100 |
1 |
|
|9 252
|a Villarreal Montoya, Ana Lucía
|
| 245 |
1 |
0 |
|a Pedagogía para la vida. Desarrollar y documentar procesos pedagógicos desde una perspectiva holista. En cooperación con el Centro de Comunicación voces Nuestras mediante el concurso “Voces, imágenes y testimonios de mujeres” /
|c Ana Lucía Villarreal Montoya
|
| 260 |
|
|
|a [San José, Costa Rica] :
|b INIE,
|c 2011
|
| 300 |
|
|
|a 112 páginas
|
| 500 |
|
|
|a Informe final Proyecto Nº 724-A8-084
|
| 500 |
|
|
|a La Unidad posee segundo informe parcial, 2009
|
| 650 |
1 |
4 |
|9 55
|a MUJERES
|
| 650 |
1 |
4 |
|9 597
|a VIDA COTIDIANA
|
| 650 |
1 |
4 |
|9 77
|a DESARROLLO HUMANO
|
| 942 |
|
|
|i 002767,002403
|h 14.02.03 1838
|2 z
|c 04
|